000 00213 a2200097 4500
001 49517
100 _aQuiller
245 _aKings treasures of literature
260 _aLondon
_bJ M Dent
_c
090 _c32047
_d32047
942 _aNUST-CAE
_cM
_c24500
999 _c284590
_d284590